01118 2200337 4500001002100000005001500021035002000036007000300056008004100059020002200100040002200122082001500144084001700159090002200176100003100198245016000229250002400389300003900413650003600452700003300488850001200521041001300533504003100546264003400577336002100611337003000632338002300662999002200685546005100707990002200758INLIS00000000087983520230710101259 a0010-0723000206ta221114s2023 yoia f ind d a978-623-261-609-7 aYOPDYOGbinderda04223a297.14 a297.14 AJA a aCB-D.11 2023-11680 aAjamalusd1969-ePengarang10aAhli waris mafqud :bstudi komparatif ahli waris yang hilang antara hukum perdata Islam dan hukum perdata positif /cAjamalus; penyunting, Wira Hadi Kusuma aCetakan I, Mei 2023 axiv, 78 halaman :bgambar ;c23 cm 4aWaris dan pewaris (Hukum Islam)0 aWira Hadi KusumaePenyunting aYOPDYOG0 aindgara aBibliografi: halaman 71-7431aBantul :bSamudra Biru,c2023 2rdacontentateks 2rdamediaatanpa perantara 2rdacarrieravolume aCB-D.11/2023-1168 aTeks terdapat bahasa Indonesia dan bahasa Arab aCB-D.11/2023-1168